[Event "George Trundle Qualifiers"]
[Site "Auckland"]
[Date "2013.10.04"]
[Round "7"]
[White "Gao, Hans"]
[Black "Li, William Xiang Wei"]
[Result "1-0"]
[WhiteElo "2071"]
[BlackElo "1837"]
[PlyCount "109"]
[EventDate "2013.09.28"]
[EventType "tourn"]
[EventRounds "9"]
[EventCountry "NZL"]
[SourceTitle "EXT 2018"]
[Source "ChessBase"]
[SourceDate "2017.10.13"]
[SourceVersion "1"]
[SourceVersionDate "2017.10.13"]
[SourceQuality "1"]

1. e4 c5 2. Nc3 a6 3. f4 b5 4. g3 Bb7 5. Bg2 e6 6. Qe2 Ne7 7. Nf3 b4 8. Nd1 d5 9. d3 Nbc6 10. 0-0 g6 11. Be3 d4 12. Bd2 Bg7 13. Nf2 h5 14. Nh3 Qd7 15. Nh4 Bf6 16. Ng5 Bxg5 17. fxg5 Ne5 18. Nf3 N7c6 19. Bf4 Nxf3+ 20. Rxf3 a5 21. Bh3 a4 22. Raf1 a3 23. b3 0-0-0 24. Qf2 Rh7 25. Bd2 Ne5 26. Rf6 Re8 27. Qf4 Qc7 28. Qf2 Qd7 29. Qe1 Qe7 30. R1f2 Reh8 31. Bc1 Nc6 32. Qd2 Re8 33. Qf4 Nd8 34. Bd2 Qc7 35. Qf3 Qe7 36. Bg2 Reh8 37. h4 Re8 38. Bh3 Reh8 39. Rf1 Qd7 40. Be1 Rg8 41. g4 hxg4 42. Bxg4 Rgg7 43. Bg3 Nc6 44. Qf4 Ba8 45. Kg2 Kb7 46. Kh3 Kb6 47. Qd6 Qa7 48. Qf8 Kb5 49. Bd6 Na5 50. R1f2 Nc6 51. Qe8 Kb6 52. Bf8 Rh8 53. Rxf7 Rxf7 54. Rxf7 Bb7 55. Bxc5+ 1-0

[Event "George Trundle Qualifiers"]
[Site "Auckland"]
[Date "2013.09.30"]
[Round "4"]
[White "Zhang, William Jie Wen"]
[Black "Gao, Hans"]
[Result "1/2-1/2"]
[WhiteElo "1867"]
[BlackElo "2071"]
[PlyCount "57"]
[EventDate "2013.09.28"]
[EventType "tourn"]
[EventRounds "9"]
[EventCountry "NZL"]
[SourceTitle "EXT 2018"]
[Source "ChessBase"]
[SourceDate "2017.10.13"]
[SourceVersion "1"]
[SourceVersionDate "2017.10.13"]
[SourceQuality "1"]

1. d4 Nf6 2. c4 g6 3. Nc3 Bg7 4. Nf3 0-0 5. e4 d6 6. Be2 e5 7. 0-0 Nc6 8. d5 Ne7 9. b4 a5 10. bxa5 Rxa5 11. Nd2 c5 12. dxc6 bxc6 13. Nb3 Ra8 14. Bg5 c5 15. Qd2 Nc6 16. Rfd1 Nd4 17. Bd3 Bg4 18. Rdb1 Qd7 19. Bxf6 Bxf6 20. Nd5 Qd8 21. Nxd4 cxd4 22. Rb6 Ra4 23. Rab1 Bg5 24. Qc2 Qa8 25. Nc7 Qa7 26. Rb7 Qa5 27. R7b5 Qa7 28. Rb7 Qa5 29. R7b5 1/2-1/2

[Event "Auckland Morrison Memorial"]
[Site "Auckland"]
[Date "2012.10.20"]
[Round "3"]
[White "Gao, Hans"]
[Black "Gibbons, Robert"]
[Result "1-0"]
[WhiteElo "2032"]
[BlackElo "1974"]
[PlyCount "95"]
[EventDate "2012.10.19"]
[EventType "swiss"]
[EventRounds "6"]
[EventCountry "NZL"]
[SourceTitle "EXT 2018"]
[Source "ChessBase"]
[SourceDate "2017.10.13"]
[SourceVersion "1"]
[SourceVersionDate "2017.10.13"]
[SourceQuality "1"]

1. e4 e5 2. Bc4 Bc5 3. Nf3 d6 4. c3 Be6 5. Bxe6 fxe6 6. Qb3 Qc8 7. d4 exd4 8. cxd4 Bb6 9. Ng5 Ke7 10. d5 e5 11. Qf3 Nf6 12. Ne6 Qg8 13. Nc3 h6 14. a4 c5 15. a5 Bd8 16. 0-0 a6 17. Be3 Nbd7 18. Qg3 g5 19. Rfb1 b5 20. axb6 Bxb6 21. b4 cxb4 22. Rxb4 Bxe3 23. Qxe3 Nf8 24. Rb7+ N6d7 25. Nc7 Rb8 26. Rxb8 Nxb8 27. Nxa6 Nfd7 28. Nb4 Qc8 29. Ra8 Rf8 30. Nc6+ Kf6 31. Qc1 Qb7 32. Qa3 Nc5 33. h3 Nbd7 34. Ra7 Qc8 35. Nb5 Qe8 36. Nxd6 Qh5 37. Qf3+ Qxf3 38. gxf3 h5 39. Nf5 g4 40. fxg4 hxg4 41. hxg4 Kg5 42. f3 Kf4 43. Kg2 Rg8 44. Nce7 Rg5 45. Ng3 Nf6 46. Ra3 Rg7 47. d6 Nfxe4 48. Nh5+ 1-0

[Event "Auckland Morrison Memorial"]
[Site "Auckland"]
[Date "2012.10.20"]
[Round "2"]
[White "Yang, Scott"]
[Black "Gao, Hans"]
[Result "1/2-1/2"]
[WhiteElo "1980"]
[BlackElo "2032"]
[PlyCount "32"]
[EventDate "2012.10.19"]
[EventType "swiss"]
[EventRounds "6"]
[EventCountry "NZL"]
[SourceTitle "EXT 2018"]
[Source "ChessBase"]
[SourceDate "2017.10.13"]
[SourceVersion "1"]
[SourceVersionDate "2017.10.13"]
[SourceQuality "1"]

1. d4 Nf6 2. Nf3 g6 3. g3 Bg7 4. c4 d6 5. Bg2 0-0 6. Nc3 Nc6 7. 0-0 a6 8. a3 Rb8 9. b4 e6 10. e4 Re8 11. Bb2 e5 12. d5 Nd4 13. Nxd4 exd4 14. Ne2 Nxe4 15. Nxd4 Bd7 16. Re1 Nf6 1/2-1/2

[Event "George Trundle Qualifiers"]
[Site "Auckland"]
[Date "2012.10.07"]
[Round "9"]
[White "Thornton, Giovanni Antonio"]
[Black "Gao, Hans"]
[Result "1/2-1/2"]
[WhiteElo "2142"]
[BlackElo "2017"]
[PlyCount "83"]
[EventDate "2012.09.29"]
[EventType "tourn"]
[EventRounds "9"]
[EventCountry "NZL"]
[SourceTitle "EXT 2018"]
[Source "ChessBase"]
[SourceDate "2017.10.13"]
[SourceVersion "1"]
[SourceVersionDate "2017.10.13"]
[SourceQuality "1"]

1. c4 Nf6 2. Nc3 g6 3. d4 Bg7 4. g3 d6 5. Bg2 0-0 6. e4 Nc6 7. Nf3 a6 8. 0-0 Bg4 9. h3 Bxf3 10. Bxf3 e5 11. d5 Nd4 12. Bg2 c5 13. Be3 Qc7 14. Qd2 Rfe8 15. Rae1 Rab8 16. Bg5 b5 17. f4 Nd7 18. cxb5 axb5 19. f5 f6 20. Be3 b4 21. Ne2 Qa5 22. fxg6 hxg6 23. Nc1 Nb6 24. Qd1 Nc4 25. Qg4 Nc2 26. Bf2 Nxe1 27. Rxe1 Kf7 28. h4 Qa7 29. h5 gxh5 30. Qxh5+ Ke7 31. b3 Nb6 32. Qg6 Rg8 33. Bh3 Bh8 34. Qh7+ Rg7 35. Qh6 Rg5 36. Be6 Bg7 37. Qh3 Rh8 38. Qg2 Rgh5 39. Kf1 Qa6+ 40. Re2 Rh1+ 41. Bg1 c4 42. Qf3 1/2-1/2

[Event "George Trundle Qualifiers"]
[Site "Auckland"]
[Date "2012.10.03"]
[Round "5"]
[White "Pinic, Noel"]
[Black "Gao, Hans"]
[Result "1/2-1/2"]
[WhiteElo "2087"]
[BlackElo "2017"]
[PlyCount "49"]
[EventDate "2012.09.29"]
[EventType "tourn"]
[EventRounds "9"]
[EventCountry "NZL"]
[SourceTitle "EXT 2018"]
[Source "ChessBase"]
[SourceDate "2017.10.13"]
[SourceVersion "1"]
[SourceVersionDate "2017.10.13"]
[SourceQuality "1"]

1. Nf3 Nf6 2. d4 g6 3. e3 Bg7 4. Be2 0-0 5. 0-0 d6 6. c4 Nbd7 7. Nc3 e5 8. Qc2 c6 9. dxe5 dxe5 10. b3 Qe7 11. Bb2 Nc5 12. Ba3 b6 13. Rad1 Bf5 14. e4 Bg4 15. h3 Bxf3 16. Bxf3 Rfd8 17. Na4 Nfd7 18. Bg4 Nf8 19. Nxc5 bxc5 20. Rxd8 Rxd8 21. Rd1 h5 22. Be2 Ne6 23. Qc3 Rd4 24. Rxd4 cxd4 25. Qc1 1/2-1/2

[Event "George Trundle Qualifiers"]
[Site "Auckland"]
[Date "2012.10.02"]
[Round "4"]
[White "Gao, Hans"]
[Black "Duneas, John"]
[Result "0-1"]
[WhiteElo "2017"]
[BlackElo "2089"]
[PlyCount "72"]
[EventDate "2012.09.29"]
[EventType "tourn"]
[EventRounds "9"]
[EventCountry "NZL"]
[SourceTitle "EXT 2018"]
[Source "ChessBase"]
[SourceDate "2017.10.13"]
[SourceVersion "1"]
[SourceVersionDate "2017.10.13"]
[SourceQuality "1"]

1. e4 e5 2. Nf3 Nc6 3. Bc4 Bc5 4. c3 Nf6 5. d3 d6 6. Bb3 Bg4 7. h3 Bh5 8. Nbd2 0-0 9. Nf1 d5 10. Qe2 Bg6 11. Bc2 a5 12. Bg5 d4 13. Ng3 Qd6 14. Nh4 Ne7 15. Qf3 Nd7 16. 0-0 h6 17. Bd2 Bh7 18. Kh1 g5 19. Nhf5 Nxf5 20. Nxf5 Bxf5 21. Qxf5 Qe6 22. Qf3 Qg6 23. c4 Bb4 24. Bc1 Ra6 25. a3 Be7 26. b3 Kg7 27. Bd2 c5 28. g3 h5 29. Bd1 Rh8 30. Qg2 f5 31. f3 f4 32. g4 Qh7 33. Kh2 Rh6 34. Bxa5 hxg4 35. Qxg4 Rxh3+ 36. Kg1 Rg3+ 0-1

[Event "George Trundle Qualifiers"]
[Site "Auckland"]
[Date "2012.10.01"]
[Round "3"]
[White "Koop, Thorben"]
[Black "Gao, Hans"]
[Result "0-1"]
[WhiteElo "2087"]
[BlackElo "2017"]
[PlyCount "72"]
[EventDate "2012.09.29"]
[EventType "tourn"]
[EventRounds "9"]
[EventCountry "NZL"]
[SourceTitle "EXT 2018"]
[Source "ChessBase"]
[SourceDate "2017.10.13"]
[SourceVersion "1"]
[SourceVersionDate "2017.10.13"]
[SourceQuality "1"]

1. Nf3 Nf6 2. g3 g6 3. Bg2 Bg7 4. 0-0 0-0 5. d4 d6 6. a4 c6 7. a5 Nbd7 8. Nbd2 Qc7 9. Nc4 Rd8 10. c3 e5 11. dxe5 Nxe5 12. Ncxe5 dxe5 13. Qa4 h6 14. Qh4 Ng4 15. Ra4 Bf6 16. Qh3 h5 17. Bg5 Bxg5 18. Nxg5 Ne3 19. Qh4 Nxf1 20. Bxf1 Rd1 21. g4 Qd7 22. gxh5 f6 23. Ne4 Qh3 24. Nxf6+ Kf7 25. hxg6+ Kxg6 26. Rg4+ Bxg4 27. Qxg4+ Qxg4+ 28. Nxg4 Ra1 29. f3 Re8 30. Kf2 Rxa5 31. e3 Ra2 32. Bd3+ Kg7 33. h4 Rxb2+ 34. Kg3 a5 35. h5 Rh8 36. Kh4 a4 0-1